| 000 | | | 04396nmc2a22003133x 450 |
| 001 | | | c9ecbe13-fd99-475a-a232-613470a8b344 |
| 005 | | | 20210716195301.0 |
| 100 | ## | $a | 20210612l1935 k y0rusy50 ca |
| 101 | 0# | $a | rus |
| 102 | ## | $a | RU |
| 105 | ## | $a | a z ||||| |
| 122 | 0# | $a | d19351231 |
| 200 | 1# | $a | Приветствия VII Съезду Советов Союза ССР. /3-я папка/ |
| | $j | 1935 |
| 215 | ## | $a | 149 листов |
| | $c | табл., фот. |
| 251 | ## | $c | Дело |
| 300 | ## | $a | Заголовок дела на папке: VII-й съезд Советов Союза ССР. Приветствия VII-му Съезду Советов Союза ССР |
| 300 | ## | $a | III-я папка |
| 300 | ## | $a | Лист: 43 - фото |
| 300 | ## | $a | В деле имеются телеграммы |
| 300 | ## | $a | Часть текста машинописная и рукописная, часть - напечатана типографским способом |
| 330 | ## | $a | Входит в раздел описи: VII-й Съезд Советов |
| 461 | #0 | $1 | 001796d4672-8a00-4986-b488-6e42273792cc |
| | $1 | 2001 |
| | $a | ЦЕНТРАЛЬНЫЙ ИСПОЛНИТЕЛЬНЫЙ КОМИТЕТ СССР (ЦИК СССР) |
| | $1 | 251 |
| | $c | Фонд |
| | $1 | 852 |
| | $j | 3316 |
| | $g | Р |
| 462 | #0 | $1 | 0012246e4af-064a-4b66-b386-cae0ddb7fb2d |
| | $1 | 2001 |
| | $a | Дела 7-го Съезда Советов и 1-й, 2-й, 3-й, 4-й Сессий 7-го созыва. 1935-1937 гг. |
| | $v | Д. 77 |
| | $1 | 251 |
| | $c | Опись |
| | $1 | 852 |
| | $j | 7 |
| 517 | 1# | $a | VII-й съезд Советов Союза ССР. Приветствия VII-му Съезду Советов Союза ССР |
| 601 | 01 | $3 | RU\NLR\AUTH\880357276 |
| | $a | СССР |
| | $b | ЦИК |
| 601 | 1| | $3 | RU\NLR\AUTH\661048804 |
| | $a | СССР. Съезд советов 7-й |
| 801 | #0 | $a | RU |
| | $b | GA_RF |
| 801 | #1 | $a | RU |
| | $b | ГлавНИВЦ |
| | $c | 20210612 |
| | $2 | rusmarc |
| 801 | #2 | $a | RU |
| | $b | ПБ им. Б.Н. Ельцина |
| | $c | 20210716 |
| | $g | RCR |
| | $2 | rusmarc |
| 852 | ## | $a | ГА РФ |
| | $j | 77 |
| 937 | ## | $d | 166307171 |
| | $h | ГАРФ |
| 035 | ## | $a | RuPRLIB51060536 |
| 856 | ## | $u | http://readingroom.main.prlib.ru/item.aspx?id_node=n166307171&mode=full |